[Event "World Blitz Women 2017"]
[Site "Riyadh KSA"]
[Date "2017.12.29"]
[Round "11.40"]
[White "Fierro Baquero, Martha L."]
[Black "Enkhtuul, Altan-Ulzii"]
[Result "0-1"]
[WhiteTitle "IM"]
[BlackTitle "WGM"]
[WhiteElo "2369"]
[BlackElo "2344"]
[WhiteFideId "3600270"]
[BlackFideId "4901444"]
[EventDate "2017.12.29"]

1. c4 e5 2. g3 Nc6 3. Bg2 Nf6 4. Nc3 Bb4 5. Nd5 a5 6. e3 O-O 7. Ne2 Re8 8. O-O
Nxd5 9. cxd5 Ne7 10. d4 Ng6 11. a3 Bf8 12. dxe5 Nxe5 13. b3 d6 14. Nf4 Bg4 15.
f3 Bd7 16. e4 g6 17. Bb2 Bg7 18. Qc2 a4 19. b4 Bb5 20. Rfd1 Rc8 21. Rac1 Qf6 22.
Rd2 h5 23. Qb1 Bh6 24. Rdc2 c6 25. Qa1 Bxf4 26. gxf4 Qxf4 27. dxc6 bxc6 28. Rf2
h4 29. Rd1 Kh7 30. Bxe5 dxe5 31. Rd7 Kg7 32. Qa2 Qc1+ 33. Bf1 Qg5+ 34. Rg2 Qe3+
35. Rf2 Rf8 36. Kg2 Bxf1+ 37. Rxf1 Rcd8 38. Rfd1 h3+ 39. Kf1 Qxf3+ 0-1

[Event "World Blitz Women 2017"]
[Site "Riyadh KSA"]
[Date "2017.12.29"]
[Round "11.41"]
[White "Papp, Petra"]
[Black "Khukhashvili, Sopiko"]
[Result "0-1"]
[WhiteTitle "WGM"]
[BlackTitle "IM"]
[WhiteElo "2313"]
[BlackElo "2312"]
[WhiteFideId "739049"]
[BlackFideId "13602055"]
[EventDate "2017.12.29"]

1. e4 d6 2. d4 Nf6 3. Nc3 e5 4. Nf3 Nbd7 5. Bc4 Be7 6. a4 a5 7. O-O O-O 8. h3 c6
9. Re1 h6 10. Ba2 Re8 11. Nh4 exd4 12. Qxd4 Nc5 13. Nf5 Be6 14. Bxe6 Nxe6 15.
Qd3 Bf8 16. Bd2 Nc5 17. Qf3 Kh7 18. Rad1 g6 19. Nd4 Bg7 20. Bc1 Qe7 21. Qf4 Rad8
22. f3 Nh5 23. Qg4 d5 24. Nf5 gxf5 25. Qxf5+ Kg8 26. Qxh5 d4 27. Ne2 Qe5 28.
Qxe5 Bxe5 29. Bxh6 d3 30. cxd3 Nxd3 31. Rf1 Nxb2 32. Rb1 b5 33. axb5 cxb5 34. f4
Bh8 35. e5 Rd2 36. Nc3 b4 37. Ne4 Re2 38. Nd6 Re6 39. Bg5 f6 40. Bh4 fxe5 41.
fxe5 Bxe5 42. Nf7 Bd4+ 43. Kh1 a4 44. Ng5 Rh6 45. Rf4 Be5 46. Rg4 Rg6 47. Rc1
Bc3 48. Rf1 a3 49. Rgf4 Re8 50. Rf7 Nd3 51. Ra7 Ne5 52. Ne4 Nc6 53. Rc7 0-1

[Event "World Blitz Women 2017"]
[Site "Riyadh KSA"]
[Date "2017.12.29"]
[Round "11.42"]
[White "Ovod, Evgenija"]
[Black "Gara, Anita"]
[Result "0-1"]
[WhiteTitle "IM"]
[BlackTitle "IM"]
[WhiteElo "2364"]
[BlackElo "2367"]
[WhiteFideId "4131827"]
[BlackFideId "709751"]
[EventDate "2017.12.29"]

1. d4 d6 2. e4 Nf6 3. Bd3 e5 4. c3 Be7 5. Nf3 Bg4 6. Nbd2 exd4 7. cxd4 Nc6 8. h3
Bh5 9. g4 Bg6 10. g5 Nd7 11. h4 h5 12. Nf1 Nb6 13. Be3 d5 14. e5 Bxd3 15. Qxd3
Qd7 16. Ng3 g6 17. Nd2 Nb4 18. Qc3 Na4 19. Qb3 Qb5 20. f4 Nxb2 21. Kf2 N2d3+ 22.
Kf3 Qd7 23. Kg2 Qg4 24. Raf1 c5 25. f5 c4 26. Qa4+ Kf8 27. f6 Bd8 28. Qb5 Qc8
29. a3 a6 30. Qa4 b5 31. Qd1 Nc6 32. Qf3 Qe6 33. Ne2 Bb6 34. Nf4 Nxf4+ 35. Qxf4
Kg8 36. Nf3 Kh7 37. Kg3 Rhc8 38. Rd1 a5 39. Rhe1 b4 40. Bc1 c3 41. Ng1 b3 42.
Ne2 b2 43. Nxc3 bxc1=Q 44. Rxc1 Bxd4 45. Nb5 Bxe5 46. Rxe5 Qxe5 47. Nd6 Qxf4+
48. Kxf4 Rc7 49. Rd1 Rd8 50. Rxd5 Rcd7 51. Rc5 Rxd6 52. a4 Kg8 53. Rc4 Rd4+ 54.
Rxd4 Rxd4+ 55. Ke3 Rxa4 0-1

[Event "World Blitz Women 2017"]
[Site "Riyadh KSA"]
[Date "2017.12.29"]
[Round "11.43"]
[White "Galojan, Lilit"]
[Black "Rapport, Jovana"]
[Result "1/2-1/2"]
[WhiteTitle "IM"]
[BlackTitle "WGM"]
[WhiteElo "2300"]
[BlackElo "2299"]
[WhiteFideId "13301314"]
[BlackFideId "937266"]
[EventDate "2017.12.29"]

1. c4 e6 2. Nc3 f5 3. g3 Nf6 4. Bg2 Be7 5. d3 d5 6. Nf3 O-O 7. O-O Nc6 8. d4 Ne4
9. Qc2 Bf6 10. e3 Nxc3 11. bxc3 dxc4 12. Qa4 e5 13. Qxc4+ Kh8 14. Ba3 Re8 15.
Rfd1 e4 16. Ne1 Na5 17. Qb5 c6 18. Qe2 Be6 19. Bf1 Nc4 20. Bc1 Bd5 21. Rb1 b5
22. Ng2 g5 23. Qh5 Qe7 24. h4 Bf7 25. Qh6 Rg8 26. Bxc4 Bxc4 27. Ba3 Qf7 28. hxg5
Bxg5 29. Qh3 Be6 30. Bd6 f4 31. Be5+ Bf6 32. Qh6 Bxe5 33. dxe5 fxg3 34. Qf6+
Qxf6 35. exf6 gxf2+ 36. Kxf2 Rgf8 37. Nf4 Rxf6 38. Rd6 Raf8 39. a4 Bc4 40. Rd7
R6f7 41. Rd4 Re7 42. Rh1 Bf7 43. a5 c5 44. Rd6 b4 45. Rc6 b3 46. Rb1 c4 47. Ke2
Rb8 48. Kd2 Be8 49. Rxc4 Rg7 50. Kc1 Rg1+ 51. Kb2 Rxb1+ 52. Kxb1 h5 53. Kb2 Bf7
54. Rxe4 Rd8 55. Rd4 Re8 56. Ng2 Kg7 57. c4 Rc8 58. Kxb3 Rb8+ 59. Kc3 Rb1 60.
Rd7 Rc1+ 61. Kd2 Ra1 62. Nf4 Rxa5 63. Kd3 Kf6 64. Kd4 Be8 65. Rd6+ Kg5 66. Rd8
Bf7 67. Rf8 Rf5 68. c5 Bg6 69. Nxg6 Kxg6 70. Ra8 Rf7 71. c6 1/2-1/2

[Event "World Blitz Women 2017"]
[Site "Riyadh KSA"]
[Date "2017.12.29"]
[Round "11.44"]
[White "Doluhanova, Evgeniya"]
[Black "Gu, Xiaobing"]
[Result "0-1"]
[WhiteTitle "WGM"]
[BlackTitle "WGM"]
[WhiteElo "2352"]
[BlackElo "2332"]
[WhiteFideId "14112035"]
[BlackFideId "8602611"]
[EventDate "2017.12.29"]

1. e4 c5 2. Nf3 d6 3. d4 cxd4 4. Nxd4 Nf6 5. Nc3 a6 6. a4 e5 7. Nf3 Be7 8. Bc4
Be6 9. Qe2 h6 10. O-O Qc7 11. Nd5 Nxd5 12. Bxd5 Bxd5 13. exd5 O-O 14. c4 a5 15.
Be3 Nd7 16. b3 f5 17. Bd2 Bf6 18. Rab1 e4 19. Ne1 0-1

[Event "World Blitz Women 2017"]
[Site "Riyadh KSA"]
[Date "2017.12.29"]
[Round "11.45"]
[White "Zozulia, Anna"]
[Black "Assaubayeva, Bibisara"]
[Result "1-0"]
[WhiteTitle "IM"]
[BlackTitle "FM"]
[WhiteElo "2316"]
[BlackElo "2381"]
[WhiteFideId "14102110"]
[BlackFideId "13708694"]
[EventDate "2017.12.29"]

1. e4 e5 2. Nf3 Nc6 3. Nc3 Nf6 4. Bb5 Bb4 5. O-O O-O 6. d3 d6 7. h3 h6 8. Be3
Be6 9. Bxc6 bxc6 10. Ne2 Nd7 11. d4 Qf6 12. c3 Ba5 13. Qa4 Bb6 14. Qxc6 Bxh3 15.
dxe5 Qg6 16. Nf4 Qg4 17. Nxh3 Bxe3 18. fxe3 Nxe5 19. Nxe5 dxe5 20. Qxc7 Qxe4 21.
Rae1 f6 22. Nf2 Qc2 23. Rd1 Rf7 24. Qc4 Qxb2 25. Rd7 Rf8 26. Rxa7 Qb6 27. Rxf7
Rxf7 28. Re1 Qa7 29. Ne4 Kh7 30. Kh2 Rc7 31. Qd3 Kh8 32. Nd6 Qxa2 33. c4 Qa5 34.
Rb1 Qa8 35. Qd5 Qf8 36. c5 Rd7 37. Rd1 f5 38. c6 Re7 39. Nc4 Qf6 40. Kg1 Rc7 41.
Nxe5 Re7 42. Qd6 Qxd6 43. Rxd6 Rxe5 44. c7 Rc5 45. Rd8+ 1-0

[Event "World Blitz Women 2017"]
[Site "Riyadh KSA"]
[Date "2017.12.29"]
[Round "11.46"]
[White "Hoang, Thi Bao Tram"]
[Black "Albzoor, Anwar"]
[Result "1-0"]
[WhiteTitle "WGM"]
[BlackTitle "WFM"]
[WhiteElo "2410"]
[BlackElo "1595"]
[WhiteFideId "12401102"]
[BlackFideId "11500522"]
[EventDate "2017.12.29"]

1. d4 d5 2. Bf4 e6 3. e3 Nf6 4. Nd2 Be7 5. Bd3 O-O 6. Ngf3 b6 7. c4 Bb7 8. O-O
Nbd7 9. cxd5 exd5 10. Qe2 Ne4 11. Rac1 c5 12. Ba6 Bxa6 13. Qxa6 Ndf6 14. Rfd1
Qc8 15. Qe2 Qd7 16. Ne5 Qd8 17. Nc6 Qd7 18. Nxe7+ Qxe7 19. Nxe4 dxe4 20. dxc5
bxc5 21. Bd6 Qe6 22. Bxf8 Kxf8 23. Rxc5 Qxa2 24. h3 Rb8 25. Rc2 Qb3 26. Rdc1 a5
27. Qd2 Qb7 28. Qd6+ Ke8 29. Rc7 1-0

[Event "World Blitz Women 2017"]
[Site "Riyadh KSA"]
[Date "2017.12.30"]
[Round "12.1"]
[White "Buksa, Nataliya"]
[Black "Cramling, Pia"]
[Result "0-1"]
[WhiteTitle "WGM"]
[BlackTitle "GM"]
[WhiteElo "2385"]
[BlackElo "2450"]
[WhiteFideId "14123622"]
[BlackFideId "1700030"]
[EventDate "2017.12.29"]

1. e4 c5 2. Nf3 e6 3. d4 cxd4 4. Nxd4 Nc6 5. Nc3 Qc7 6. Be3 a6 7. Qf3 d6 8. Nxc6
bxc6 9. h4 h5 10. Qg3 Nf6 11. Be2 e5 12. f4 Bg4 13. Bf3 Be7 14. O-O-O Rb8 15.
Rd2 O-O 16. f5 Qa5 17. Bg5 Rxb2 18. Bxg4 Qa3 19. Rd3 hxg4 20. Kd2 Qa5 21. Bxf6
Bxf6 22. Qxg4 d5 23. exd5 e4 24. Qxe4 cxd5 25. Qf3 d4 26. Rc1 Re8 27. g4 dxc3+
28. Kd1 Qe5 29. Qf2 Bxh4 30. Qf1 Qe1+ 0-1

[Event "World Blitz Women 2017"]
[Site "Riyadh KSA"]
[Date "2017.12.30"]
[Round "12.2"]
[White "Gunina, Valentina"]
[Black "Lei, Tingjie"]
[Result "1-0"]
[WhiteTitle "GM"]
[BlackTitle "GM"]
[WhiteElo "2510"]
[BlackElo "2528"]
[WhiteFideId "4167570"]
[BlackFideId "8605114"]
[EventDate "2017.12.29"]

1. e4 e6 2. d4 d5 3. Nc3 Nf6 4. Bg5 dxe4 5. Nxe4 Be7 6. Bxf6 gxf6 7. Nf3 f5 8.
Nc3 a6 9. Qd2 b5 10. O-O-O Bb7 11. Ne5 b4 12. Na4 Qd5 13. Bc4 Qa5 14. Nc5 Bxc5
15. dxc5 Qxc5 16. Qd8# 1-0

[Event "World Blitz Women 2017"]
[Site "Riyadh KSA"]
[Date "2017.12.30"]
[Round "12.3"]
[White "Dzagnidze, Nana"]
[Black "Mammadzada, Gunay"]
[Result "1-0"]
[WhiteTitle "GM"]
[BlackTitle "WGM"]
[WhiteElo "2522"]
[BlackElo "2333"]
[WhiteFideId "13601903"]
[BlackFideId "13403729"]
[EventDate "2017.12.29"]

1. Nf3 c5 2. c4 b6 3. g3 Bb7 4. Bg2 g6 5. O-O Bg7 6. Nc3 d6 7. d3 e6 8. Bg5 Ne7
9. Qc1 h6 10. Bd2 Nbc6 11. a3 h5 12. Rb1 O-O 13. Bh6 Nf5 14. Bxg7 Kxg7 15. b4
Qe7 16. Qb2 Ncd4 17. Ne4 e5 18. e3 Nxf3+ 19. Bxf3 Rad8 20. Bg2 Kg8 21. Rfe1 Ng7
22. Nc3 Bxg2 23. Kxg2 f5 24. Nd5 Qf7 25. f4 Rfe8 26. bxc5 bxc5 27. Qb7 Qe6 28.
Qxa7 Ra8 29. Qb7 Rxa3 30. Nc7 Ra2+ 31. Rb2 Rxb2+ 32. Qxb2 Qc8 33. Nxe8 Qxe8 34.
Qb6 Qa8+ 35. Kg1 Qa2 36. Qxd6 Qd2 37. Qd5+ Kh7 38. Kf1 Qxh2 39. Qg2 Qxg2+ 40.
Kxg2 e4 41. d4 Ne6 42. d5 Nd8 43. Rb1 Kg7 44. Rb5 1-0

[Event "World Blitz Women 2017"]
[Site "Riyadh KSA"]
[Date "2017.12.30"]
[Round "12.4"]
[White "Paehtz, Elisabeth"]
[Black "Lagno, Kateryna"]
[Result "0-1"]
[WhiteTitle "IM"]
[BlackTitle "GM"]
[WhiteElo "2464"]
[BlackElo "2547"]
[WhiteFideId "4641833"]
[BlackFideId "14109336"]
[EventDate "2017.12.29"]

1. e4 e5 2. Nf3 Nc6 3. Bb5 a6 4. Ba4 Nf6 5. O-O b5 6. Bb3 Bc5 7. c3 d6 8. a4 Rb8
9. d4 Bb6 10. a5 Ba7 11. h3 O-O 12. Re1 h6 13. Be3 Ra8 14. Nbd2 Re8 15. g4 exd4
16. cxd4 Nb4 17. d5 Nd3 18. Re2 Nxb2 19. Qc2 Nc4 20. Bxc4 bxc4 21. Bxa7 Rxa7 22.
Nd4 Bd7 23. Qxc4 h5 24. f3 Qe7 25. Kg2 Qe5 26. Rf1 Qf4 27. Rff2 hxg4 28. fxg4
Qh6 29. Qd3 Nh7 30. N2f3 Nf8 31. Nf5 Qf6 32. Qd4 Qxd4 33. N3xd4 Rb7 34. Kf3 Ng6
35. Rb2 Ne5+ 36. Kg2 Reb8 37. Rxb7 Rxb7 38. Rc2 Nd3 39. Ne7+ Kf8 40. Nec6 Ne1+
41. Kf2 Nxc2 42. Nxc2 Bxc6 0-1

[Event "World Blitz Women 2017"]
[Site "Riyadh KSA"]
[Date "2017.12.30"]
[Round "12.5"]
[White "Tan, Zhongyi"]
[Black "Gaponenko, Inna"]
[Result "1-0"]
[WhiteTitle "GM"]
[BlackTitle "IM"]
[WhiteElo "2517"]
[BlackElo "2435"]
[WhiteFideId "8603642"]
[BlackFideId "14101181"]
[EventDate "2017.12.29"]

1. d4 Nf6 2. c4 g6 3. Nc3 Bg7 4. e4 d6 5. Be2 O-O 6. Bg5 c5 7. d5 Qa5 8. Bd2 Qd8
9. Nf3 a6 10. a4 e6 11. O-O exd5 12. cxd5 Nbd7 13. h3 Re8 14. Qc2 b6 15. Rfe1 h6
16. Bf4 Qe7 17. Nd2 Nh5 18. Bxh5 gxh5 19. Nc4 Ne5 20. Nxb6 Rb8 21. Nxc8 Rexc8
22. Nd1 Qf6 23. Bxe5 Qxe5 24. Re2 Rb4 25. Ra3 Rcb8 26. Rg3 Kh8 27. Rf3 Kg8 28.
b3 Qa1 29. Re1 Qa3 30. e5 dxe5 31. Qf5 R4b7 32. Rg3 Kh8 33. Ne3 Qxb3 34. Qxh5
Qb4 35. Rf1 Qf4 36. Nf5 f6 37. Nd6 Rd7 38. Nf7+ Kh7 39. Qg6+ Kg8 40. Qxg7# 1-0

[Event "World Blitz Women 2017"]
[Site "Riyadh KSA"]
[Date "2017.12.30"]
[Round "12.7"]
[White "Ushenina, Anna"]
[Black "Nechaeva, Marina"]
[Result "1/2-1/2"]
[WhiteTitle "GM"]
[BlackTitle "IM"]
[WhiteElo "2416"]
[BlackElo "2424"]
[WhiteFideId "14110911"]
[BlackFideId "4149351"]
[EventDate "2017.12.29"]

1. d4 d5 2. Nf3 Nf6 3. c4 c6 4. Nc3 e6 5. g3 dxc4 6. Bg2 Nbd7 7. O-O Be7 8. a4
O-O 9. a5 Nd5 10. Qc2 b5 11. axb6 Qxb6 12. Bg5 Bxg5 13. Nxg5 N7f6 14. Rfd1 h6
15. Nf3 Rb8 16. Na4 Qb3 17. Qc1 Rd8 18. Nd2 Qb4 19. Nxc4 Ba6 20. Ne5 Bb5 21.
Nxc6 Bxc6 22. Qxc6 Rdc8 23. Qa6 Rc2 24. Qd3 Rc7 25. e4 Nb6 26. Nc5 Qxb2 27. Na6
Rc3 28. Qb1 Qxb1 29. Raxb1 Rd8 30. Nc5 Rc4 31. e5 Nfd5 32. Nb7 Rd7 33. Nd6 Rc2
34. Rdc1 Rdc7 35. Rxc2 Rxc2 36. Ra1 Rd2 37. Bxd5 Nxd5 38. Rxa7 Rxd4 39. Ra8+ Kh7
40. Nxf7 Nb4 41. Re8 Rd1+ 42. Kg2 Nd3 43. Rxe6 Rd2 44. Kg1 Nxf2 45. Rd6 Nh3+ 46.
Kh1 Re2 47. e6 Ng5 48. Nxg5+ hxg5 49. Kg1 Kg6 50. e7+ Kf7 51. Rd5 Kf6 52. Rd7
Rxe7 53. Rxe7 Kxe7 54. Kf2 Kf6 55. Kf3 Kf5 56. h3 g6 57. Ke3 Ke5 58. Kf3 Kf5 1/2-1/2

[Event "World Blitz Women 2017"]
[Site "Riyadh KSA"]
[Date "2017.12.30"]
[Round "12.8"]
[White "Krush, Irina"]
[Black "Vo, Thi Kim Phung"]
[Result "1-0"]
[WhiteTitle "GM"]
[BlackTitle "WGM"]
[WhiteElo "2431"]
[BlackElo "2380"]
[WhiteFideId "2012782"]
[BlackFideId "12401838"]
[EventDate "2017.12.29"]

1. c4 Nf6 2. Nc3 d6 3. d4 g6 4. e4 Bg7 5. Nf3 O-O 6. Be2 c5 7. O-O cxd4 8. Nxd4
Nc6 9. Be3 Nd7 10. Qd2 Nc5 11. f3 Ne6 12. Nxe6 Bxe6 13. Nd5 b6 14. Rac1 Rc8 15.
f4 Qd7 16. b4 Rfd8 17. a3 Rf8 18. Kh1 f5 19. Bf3 Kh8 20. Rfe1 Rf7 21. Bf2 fxe4
22. Bxe4 Rcf8 23. Be3 Bf5 24. Bxf5 Qxf5 25. b5 Na5 26. Bd4 Nb3 27. Bxg7+ Rxg7
28. Qc3 Nxc1 29. Rxe7 Rg8 30. Qxc1 Rxe7 31. Nxe7 Qe4 32. Nd5 Re8 33. Qa1+ Re5
34. fxe5 dxe5 35. Qc1 Qd4 36. h3 e4 37. Qf4 Kg7 38. Ne3 Qa1+ 39. Kh2 Qxa3 40.
Qxe4 Qd6+ 41. Kh1 Qd2 42. Qe5+ Kf7 43. Qd5+ Qxd5 44. cxd5 Ke7 45. Kg1 Kd6 46.
Kf2 Kc5 47. Kf3 Kxb5 48. Ke4 a5 49. Ke5 a4 50. d6 Kc6 51. Ke6 a3 52. d7 Kc7 53.
Ke7 1-0

[Event "World Blitz Women 2017"]
[Site "Riyadh KSA"]
[Date "2017.12.30"]
[Round "12.9"]
[White "Charochkina, Daria"]
[Black "Bodnaruk, Anastasia"]
[Result "0-1"]
[WhiteTitle "IM"]
[BlackTitle "IM"]
[WhiteElo "2317"]
[BlackElo "2428"]
[WhiteFideId "4180917"]
[BlackFideId "4181751"]
[EventDate "2017.12.29"]

1. d4 Nf6 2. c4 g6 3. Nc3 Bg7 4. g3 O-O 5. Bg2 d6 6. Nf3 Nc6 7. O-O a6 8. Bf4
Rb8 9. Rc1 Bd7 10. Qd2 b5 11. Nd5 bxc4 12. Nxf6+ Bxf6 13. Rxc4 e5 14. Bh6 Re8
15. d5 Nd4 16. Nxd4 exd4 17. a4 d3 18. Qxd3 Rxb2 19. Bf3 Qb8 20. Rfc1 Rc8 21.
Qe3 Re8 22. Qf4 Be5 23. Qh4 Rb1 24. Kg2 Rxc1 25. Bxc1 Bg7 26. Bh6 Be5 27. Qg5 f6
28. Qc1 Rc8 29. Bd2 Qb2 30. Ba5 Qxc1 31. Rxc1 Bxa4 32. Rxc7 Rxc7 33. Bxc7 Bb5
34. e4 f5 35. exf5 gxf5 36. g4 fxg4 37. Bxg4 Kf7 38. Bf5 h6 39. h4 Ke7 40. Kf3
Bc3 41. Ke3 a5 42. Bd3 Bd7 43. Bc4 a4 44. Kd3 Be1 45. Ke2 Bb4 46. Bb6 Kf6 47.
Bd4+ Kf5 48. Be3 h5 49. f3 a3 50. Bd4 Kf4 51. Bf6 Kg3 52. Bg5 Bf5 53. Bf6 Bc5
54. Bc3 Kxh4 55. Be1+ Kh3 56. Kd2 Bb4+ 57. Ke2 Bxe1 58. Kxe1 Kg2 59. f4 h4 60.
Bf1+ Kg1 61. Bc4 h3 0-1

[Event "World Blitz Women 2017"]
[Site "Riyadh KSA"]
[Date "2017.12.30"]
[Round "12.10"]
[White "Abdumalik, Zhansaya"]
[Black "Socko, Monika"]
[Result "1-0"]
[WhiteTitle "IM"]
[BlackTitle "GM"]
[WhiteElo "2449"]
[BlackElo "2471"]
[WhiteFideId "13703544"]
[BlackFideId "1106619"]
[EventDate "2017.12.29"]

1. e4 e6 2. d4 d5 3. Nc3 Bb4 4. e5 Ne7 5. a3 Bxc3+ 6. bxc3 c5 7. a4 Qc7 8. Nf3
b6 9. Bb5+ Bd7 10. Be2 Nbc6 11. h4 h6 12. O-O Na5 13. Re1 Rc8 14. Bd3 c4 15. Bf1
Bc6 16. h5 Qd7 17. Nh4 Bxa4 18. Ra2 Bc6 19. Qg4 Rg8 20. g3 Kd8 21. Ba3 Kc7 22.
Bb4 Kb7 23. Bxa5 bxa5 24. Rxa5 Ka8 25. Rea1 Rc7 26. Qf4 Nc8 27. Qc1 Rb7 28. Qa3
Rb5 29. Ra6 Qb7 30. Ng2 Bd7 31. Ne3 Rb6 32. Ra5 Rb5 33. Ra6 Rb6 34. Rxb6 Qxb6
35. Bg2 Bc6 36. Qa2 Bb7 37. Rb1 Qc7 38. Nxc4 Rd8 39. Na5 Ba6 40. c4 Nb6 41. c5
Nc8 42. Qa3 f6 43. f4 fxe5 44. fxe5 Ne7 45. Qa4 Rb8 46. Rxb8+ Qxb8 47. Nb3 Bb5
48. Qa1 Bc6 49. g4 Qb4 50. Qa6 Kb8 51. Qe2 Qc3 52. Kh2 a5 53. Qa6 Qe1 54. Qxa5
Qh4+ 55. Kg1 Qxg4 56. Qb6+ Kc8 57. Qa6+ Bb7 58. Qd3 Nf5 59. c3 Nh4 60. Qc2 Nf3+
61. Kf2 Ng5 62. Na5 Qf4+ 63. Kg1 Qe3+ 64. Qf2 Qc1+ 65. Kh2 Kb8 66. Qf8+ Ka7 67.
c6 Qd1 68. Nxb7 Qxh5+ 69. Kg1 Qd1+ 70. Qf1 Qd2 71. Nd6 Qe3+ 72. Qf2 Qc1+ 73. Kh2
Qd1 74. c7 Qh5+ 75. Kg1 Qg4 76. Kf1 Qd1+ 77. Qe1 Qd3+ 78. Kg1 Qc2 79. c8=Q 1-0

[Event "World Blitz Women 2017"]
[Site "Riyadh KSA"]
[Date "2017.12.30"]
[Round "12.11"]
[White "Huang, Qian"]
[Black "Michna, Marta"]
[Result "0-1"]
[WhiteTitle "WGM"]
[BlackTitle "WGM"]
[WhiteElo "2438"]
[BlackElo "2377"]
[WhiteFideId "8602689"]
[BlackFideId "1106686"]
[EventDate "2017.12.29"]

1. Nf3 d6 2. d4 g6 3. b3 Bg7 4. Bb2 c5 5. e3 Nh6 6. Be2 O-O 7. O-O Nc6 8. Nbd2
Nf5 9. c3 cxd4 10. cxd4 Bd7 11. a3 e6 12. Bd3 Rc8 13. Qe2 Nh4 14. Rfd1 Nxf3+ 15.
Nxf3 Ne7 16. e4 Qb6 17. b4 Rc7 18. Rac1 Rfc8 19. Qd2 Ba4 20. Re1 Bb5 21. Bb1 h6
22. h3 Qa6 23. Rxc7 Rxc7 24. Rc1 Rxc1+ 25. Qxc1 Qc6 26. Qxc6 Nxc6 27. Bc1 Be2
28. d5 exd5 29. exd5 Ne7 30. Nd2 Nxd5 31. Be4 Nc3 32. Bxb7 Bd3 33. Kh2 Na2 34.
Nb3 Bc4 35. Bf4 Bxb3 36. Bxd6 Bb2 37. b5 Ba4 38. Bd5 Nc3 39. Bb7 Bxb5 40. Be5
Na4 41. Bb8 a6 42. h4 Bxa3 43. h5 gxh5 44. Kh3 Nc5 45. Bd5 Ne6 46. Kh4 Be2 47.
f3 Be7+ 48. Kg3 h4+ 49. Kf2 Bb5 50. Be5 a5 51. Ba2 a4 52. Ke3 Bc5+ 53. Ke4 Bf1
54. g4 h3 55. Bh2 Kf8 56. f4 Bd6 57. Kf3 Nd4+ 58. Kf2 Bg2 59. Bc4 a3 60. Ke3 Ne6
61. Kf2 Bxf4 0-1

[Event "World Blitz Women 2017"]
[Site "Riyadh KSA"]
[Date "2017.12.30"]
[Round "12.12"]
[White "Sukandar, Irine Kharisma"]
[Black "Ju, Wenjun"]
[Result "0-1"]
[WhiteTitle "IM"]
[BlackTitle "GM"]
[WhiteElo "2384"]
[BlackElo "2567"]
[WhiteFideId "7101937"]
[BlackFideId "8603006"]
[EventDate "2017.12.29"]

1. e4 e6 2. d4 d5 3. exd5 exd5 4. Nf3 Nf6 5. h3 Be7 6. c4 O-O 7. Be2 dxc4 8. O-O
b5 9. a4 c6 10. Bf4 Nd5 11. Bg3 Nd7 12. Nc3 Nxc3 13. bxc3 Nb6 14. axb5 cxb5 15.
Qb1 a6 16. Ne5 Bb7 17. Re1 Bd6 18. Bg4 Bxe5 19. Bxe5 Nd5 20. Qc2 Re8 21. Bf5 g6
22. Be4 Qd7 23. Qd2 f6 24. Bg3 Re6 25. Bf3 Rae8 26. Rxe6 Qxe6 27. Kh2 Kg7 28. h4
Qf7 29. Ra2 Nb6 30. Bxb7 Qxb7 31. Qf4 Nd5 32. Qd6 Ra8 33. Re2 Qf7 34. Qc6 Rd8
35. Qxa6 Nxc3 36. Re1 b4 37. Qb6 Rd7 38. Qxb4 Nd5 39. Qc5 c3 40. h5 gxh5 41. Ra1
Qg6 42. Qc6 Qf7 43. Qc5 Rb7 44. Ra8 Rd7 45. Rc8 Qe6 46. Qf8+ Kg6 47. Qc5 Qe7 48.
Qc4 Kg7 49. Qd3 Qe6 50. Qc4 Qg4 51. Qc5 Ne7 52. Re8 Kf7 53. Rh8 Kg7 54. Re8 Qe6
55. Rb8 Qd5 56. Qxc3 Qxd4 57. Qb3 Qd5 58. Qc3 Qf5 59. Qb3 Qd5 60. Qc3 Qe6 61.
Qc5 Qf5 62. Qc4 Qd5 63. Qb4 Qd4 64. Qb5 h4 65. Bxh4 Qxh4+ 0-1

[Event "World Blitz Women 2017"]
[Site "Riyadh KSA"]
[Date "2017.12.30"]
[Round "12.13"]
[White "Kulon, Klaudia"]
[Black "Goryachkina, Aleksandra"]
[Result "1/2-1/2"]
[WhiteTitle "WGM"]
[BlackTitle "WGM"]
[WhiteElo "2370"]
[BlackElo "2486"]
[WhiteFideId "1131044"]
[BlackFideId "4147103"]
[EventDate "2017.12.29"]

1. c4 e5 2. g3 Nf6 3. Bg2 Nc6 4. Nc3 Bb4 5. e4 Bxc3 6. dxc3 d6 7. Qe2 O-O 8. Nf3
h6 9. O-O Be6 10. h3 Qd7 11. Kh2 a6 12. Nd2 Rab8 13. f4 exf4 14. gxf4 Qe7 15. a4
Rfe8 16. Qf2 Rbd8 17. b4 a5 18. Rb1 Bc8 19. Rg1 Kh8 20. Bf3 Qf8 21. Qg2 Ne7 22.
Nb3 Ng6 23. Qe2 Nh4 24. Bh1 Ng6 25. Bd2 b6 26. bxa5 bxa5 27. Nxa5 Bd7 28. c5 Ra8
29. Nc4 Rxa4 30. cxd6 cxd6 31. Qd3 d5 32. exd5 Rd8 33. Rb7 Bf5 34. Qxf5 Rxc4 35.
Qd3 Rcc8 36. f5 Ne5 37. Qg3 Nc4 38. Bc1 Nd6 39. Ra7 Nde4 40. Qh4 Rc4 41. Bf4
Nxc3 42. Qf2 Nce4 43. Qe2 Rb4 44. Be5 Rc8 45. Bxe4 Rxe4 46. Qb2 Rec4 47. Rg2 Kh7
48. Bxf6 gxf6 49. Qxf6 R4c7 50. Ra6 Rd7 51. Ra1 Rxd5 52. Rag1 Qd6+ 53. Qxd6 Rxd6
54. Rg7+ Kh8 55. Rxf7 Rd2+ 56. Rg2 Rxg2+ 57. Kxg2 Rc3 58. Ra7 Rd3 59. Re7 Rc3
60. Kh2 Rb3 61. Rd7 Kg8 62. Rc7 Rf3 63. Rc5 Kg7 64. Kg2 Ra3 65. Rc6 Rb3 66. Rg6+
Kh7 67. Rg3 Rb5 68. Rf3 Kg7 69. Kg3 Kf6 70. Kg4 Ra5 71. Rf4 Rb5 72. Re4 Rxf5 73.
Ra4 Rg5+ 74. Kh4 Kg7 75. Ra7+ Kg6 76. Ra6+ Kg7 1/2-1/2

[Event "World Blitz Women 2017"]
[Site "Riyadh KSA"]
[Date "2017.12.30"]
[Round "12.14"]
[White "Belenkaya, Dina"]
[Black "Khotenashvili, Bela"]
[Result "1/2-1/2"]
[WhiteTitle "WGM"]
[BlackTitle "GM"]
[WhiteElo "2303"]
[BlackElo "2476"]
[WhiteFideId "24142654"]
[BlackFideId "13602640"]
[EventDate "2017.12.29"]

1. e4 c6 2. d4 d5 3. exd5 cxd5 4. Bd3 Nc6 5. c3 Qc7 6. Ne2 Bg4 7. O-O Nf6 8. Qe1
g6 9. f3 Bd7 10. Na3 Bg7 11. Bf4 Qb6 12. Rb1 O-O 13. Kh1 Rfe8 14. Qh4 Nh5 15.
Be3 a6 16. Nc2 Qc7 17. Rbe1 b5 18. Nc1 Na5 19. Nb3 Nxb3 20. axb3 a5 21. b4 a4
22. Bg5 Nf6 23. Bf4 Qb6 24. Be5 Be6 25. Na3 Bd7 26. Qf2 Bc6 27. Re2 Bh6 28. Rfe1
Nd7 29. Bg3 e6 30. Bd6 Bg7 31. Qg3 Rac8 32. h4 Nf6 33. Bc5 Qb7 34. Rd2 Nh5 35.
Qf2 Bh6 36. Rdd1 Nf4 37. Qf1 Qd7 38. Bxb5 Qd8 39. g3 Nh5 40. Kg2 Qc7 41. Qf2 f5
42. Bxc6 Qxc6 43. b5 Qb7 44. f4 Nf6 45. Qe2 Ne4 46. Qc2 Ra8 47. Re3 Rec8 48. Bb4
Bg7 49. Qd3 Bf6 50. Rde1 Kf7 51. Kh2 Qb6 52. Kg2 h6 53. Kf3 Rc7 54. Kg2 Rg8 55.
Rh1 Be7 56. Bxe7 Rxe7 57. Qd1 Ra8 58. Qd3 Rc7 59. Qd1 Qd6 60. Qd3 Rb8 61. Qd1
Ra8 62. Qd3 Qb6 63. Qd1 Nf6 64. Qe1 Ng4 65. Re2 Qd6 66. Qd1 Nf6 67. Rhe1 Ne4 68.
Re3 Rb7 69. Qd3 Rc7 70. Qd1 Kg7 71. Qd3 Rb7 72. Qd1 Rc7 73. Qd3 Rb7 74. Qd1 1/2-1/2